| 000 | 01082nam a2200289 i 4500 | ||
|---|---|---|---|
| 003 | DO-SdBNP | ||
| 005 | 20240904091132.0 | ||
| 007 | ta | ||
| 008 | 240904b2001 dr ab||| |||| 00| 0 spa d | ||
| 020 | _a9993481300 | ||
| 040 |
_aDO-SdBNP _bspa _cBNPHU _erda |
||
| 082 | 4 | _222 | |
| 100 |
_aLeón-Borja, István Szászdi, _eautor _4aut. _986510 |
||
| 245 | 1 | 4 |
_aLos viajes de rescate de Ojeda y las rutas comerciales indias : _bel valor económico del señorío del maar de los reyes católicos / _cIstván SzászdiLeón-Borja |
| 264 | 1 |
_aSanto Domingo : _bEdiciones Fundación García Arévalo, _c2001. |
|
| 300 |
_a150 páginas : _bilustraciones y mapas ; _c23 cm. |
||
| 336 |
_atexto _btxt _2rdacontent |
||
| 337 |
_asin mediación _bn _2rdamedia |
||
| 338 |
_avolumen _bnc _2rdacarrier |
||
| 490 |
_aInvestigaciones _v19 |
||
| 500 | _aIncluye referencias bibliográficas y notas al pie de las páginas | ||
| 500 | _aIncluye dtos biográficos del autor en las solapas | ||
| 500 | _aIncluye índices | ||
| 590 | _aInventariado, 2024/BT | ||
| 910 | _aBtavárez | ||
| 942 |
_2ddc _cLBS1 |
||
| 999 |
_c57619 _d57619 |
||